[Event "Kowalewo Pomorskie op-B 16th"]
[Site "Kowalewo Pomorskie"]
[Date "2009.07.09"]
[Round "7"]
[White "Moldawski, Michal"]
[Black "Zebracki, Tomasz"]
[Result "1-0"]
[WhiteElo "1924"]
[BlackElo "1779"]
[PlyCount "81"]
[EventDate "2009.07.04"]
[EventType "swiss"]
[EventRounds "9"]
[EventCountry "POL"]
[SourceTitle "EXT 2011"]
[Source "ChessBase"]
[SourceDate "2010.11.26"]
[SourceVersion "1"]
[SourceVersionDate "2010.11.26"]
[SourceQuality "1"]

1. e4 e6 2. d4 d5 3. Nd2 c5 4. exd5 Qxd5 5. dxc5 Bxc5 6. Ngf3 Nf6 7. Bc4 Qd6 8. 0-0 Nc6 9. c3 Bd7 10. Qc2 Ne5 11. Nxe5 Qxe5 12. Nf3 Qc7 13. Qe2 0-0 14. Bg5 Nd5 15. Bxd5 exd5 16. Qd2 Bc6 17. Nd4 Rfe8 18. Rfe1 Qd7 19. Be3 b6 20. Rad1 Bxd4 21. Qxd4 Rad8 22. Rd2 Re4 23. Qd3 Bb5 24. Qc2 Re6 25. Red1 Qc6 26. Qf5 Red6 27. Rd4 Ba6 28. Rh4 Rg6 29. Rhd4 Rgd6 30. Bf4 Re6 31. h3 Bb7 32. c4 Qe8 33. cxd5 Re1+ 34. Kh2 Rxd1 35. Rxd1 Qb5 36. Qg4 Rxd5 37. Bh6 g6 38. Qg3 Qe8 39. Rxd5 Bxd5 40. Qc3 f6 41. Qxf6 1-0

[Event "Kowalewo Pomorskie op-B"]
[Site "Kowalewo Pomorskie"]
[Date "2007.07.14"]
[Round "8.16"]
[White "Moldawski, Michal"]
[Black "Kochanska, Bogumila"]
[Result "1-0"]
[WhiteElo "1950"]
[BlackElo "1770"]
[PlyCount "33"]
[EventDate "2007.07.04"]
[EventType "swiss"]
[EventRounds "9"]
[EventCountry "POL"]
[SourceTitle "EXT 2023"]
[Source "ChessBase"]
[SourceDate "2022.10.05"]
[SourceVersion "1"]
[SourceVersionDate "2022.10.05"]
[SourceQuality "1"]

1. e4 e5 2. Nf3 d6 3. Bc4 Be7 4. 0-0 Nf6 5. d3 0-0 6. c3 Nbd7 7. Nbd2 Nb6 8. Bb3 Bg4 9. Re1 h6 10. Nf1 Nh7 11. h3 Bh5 12. Ng3 Bg6 13. Be3 Ng5 14. Nxg5 Bxg5 15. Qg4 Bxe3 16. Rxe3 Qd7 17. Qxg6 1-0